000 00868cam a2200265 a 4500
008
020 _a9780071276320 (pbk.)
049 _aMAIN
090 _aHD62.5
_bTIM
100 1 _aTimmons, Jeffry A.
245 1 0 _aNew venture creation :
_bentrepreneurship for the 21st century /
_cJeffry A. Timmons and Spinelli Stephen.
250 _a8th ed.
260 _aBoston :
_bMcGraw-Hil/lrwin,
_c2009.
300 _axxii, 612 p. :
_bill. ;
_c28 cm.
504 _aIncludes bibliographical references.
500 _aIncludes index.
650 0 _aNew business enterprises
_vHandbooks, manuals, etc.
650 0 _aEntrepreneurship
_vHandbooks, manuals, etc.
700 _aStephen, Spinelli.
907 _a.b10323016
_b26-04-13
_c13-11-12
003
005 20230123125505.0
040 _cNUST
942 _cBOOKS
_kHD62.5
_mTIM
999 _c142441
_d142441